[Event "Rilton Cup 96/97"]
[Site "Stockholm"]
[Date "1996.??.??"]
[Round "8"]
[White "De Firmian, Nick E"]
[Black "Gausel, Einar"]
[Result "1/2-1/2"]
[WhiteElo "2575"]
[BlackElo "2520"]

1.e4 e5 2.Nf3 Nc6 3.Bb5 Nf6 4.O-O Nxe4 5.d4 Nd6 6.Bxc6 dxc6 7.dxe5 Ne4 8.Qe2 Bf5
9.Rd1 Qc8 10.Rd4 Nc5 11.Be3 Be7 12.Nc3 Ne6 13.Rd2 O-O 14.Rad1 Rd8 15.Rxd8+ Bxd8
16.Ne1 Nf8 17.g4 Be6 18.f4 f5 19.exf6 Bxf6 20.f5 Bxc3 21.bxc3 Bf7 22.Bd4 Qe8  1/2-1/2

[Event "Yerevan ol (Men)"]
[Site "Yerevan"]
[Date "1996.??.??"]
[Round "3"]
[White "Iuldachev, Saidali"]
[Black "De Firmian, Nick E"]
[Result "1-0"]
[WhiteElo "2515"]
[BlackElo "2575"]

1.e4 c5 2.Nc3 d6 3.f4 Nc6 4.Nf3 g6 5.Bb5 Bd7 6.O-O Bg7 7.d3 Nf6 8.Bxc6 bxc6
9.Qe1 O-O 10.b3 Ne8 11.Bd2 Nc7 12.Qh4 f5 13.Rae1 fxe4 14.Nxe4 h6 15.Ba5 Rc8
16.Re2 Be8 17.Rfe1 Qd7 18.Bc3 e6 19.Bxg7 Kxg7 20.c4 Qd8 21.Qg3 Qe7 22.f5 e5
23.Nh4 g5 24.f6+ Rxf6 25.Nxf6 Qxf6 26.Rf2 Qe6 27.Ref1 Rd8 28.Qf3 Bd7 29.Qf7+ Qxf7
30.Rxf7+ Kg8 31.Ng6 Ne6 32.Ne7+ Kh8 33.R1f6  1-0

[Event "Yerevan ol (Men)"]
[Site "Yerevan"]
[Date "1996.??.??"]
[Round "5"]
[White "Kotronias, Vasilios"]
[Black "De Firmian, Nick E"]
[Result "1/2-1/2"]
[WhiteElo "2615"]
[BlackElo "2575"]

1.e4 c5 2.Nf3 d6 3.d4 cxd4 4.Nxd4 Nf6 5.Nc3 a6 6.Be3 e5 7.Nf3 Be7 8.Bc4 O-O
9.O-O Be6 10.Bb3 b5 11.Qd3 Nc6 12.Rfd1 Qc7 13.Bg5 Rfd8 14.Bxf6 Bxf6 15.Nd5 Bxd5
16.Bxd5 Rac8 17.c3 Qb6 18.g3 g6 19.Kg2 Kg7 20.Qe2 Ne7 21.Rd3 b4 22.cxb4 Nxd5
23.Rxd5 Qxb4 24.b3 Rc5 25.Rad1 Rxd5 26.Rxd5 Rc8 27.Rd2 a5 28.Rc2 Rxc2 29.Qxc2 Bd8
30.Qc6 Bb6 31.Qd5 h6 32.Nd2 Bd4 33.Nf3 Bc5 34.h4 Qb6 35.Nd2 Qb4 36.Nf3  1/2-1/2

[Event "Yerevan ol (Men)"]
[Site "Yerevan"]
[Date "1996.??.??"]
[Round "7"]
[White "Xu Jun"]
[Black "De Firmian, Nick E"]
[Result "1/2-1/2"]
[WhiteElo "2505"]
[BlackElo "2575"]

1.d4 Nf6 2.Nf3 e6 3.c4 c5 4.d5 exd5 5.cxd5 d6 6.Nc3 g6 7.Bf4 a6 8.a4 Bg7
9.h3 Qe7 10.e3 O-O 11.Bd3 Nbd7 12.O-O Ne8 13.e4 Rb8 14.Re1 Ne5 15.Nxe5 Bxe5
16.Bxe5 Qxe5 17.Qd2 g5 18.Ne2 b5 19.axb5 axb5 20.b3 Nf6 21.Ng3 Re8 22.Nf5 Bxf5
23.exf5 Qf4 24.Rxe8+ Nxe8 25.Qb2 h6 26.Re1 Qb4 27.Re2 Rc8 28.Kf1 c4 29.bxc4 Qxb2
30.Rxb2 bxc4 31.Rc2 Kg7 32.Rxc4 Rxc4 33.Bxc4 Kf6 34.Ke2 Ke5 35.Kf3 Nf6 36.g3 Nxd5
37.f6 Kd4 38.Bb3 Nxf6 39.Bxf7 d5 40.h4 Ne4 41.hxg5 Nd2+ 42.Ke2 hxg5  1/2-1/2

[Event "Yerevan ol (Men)"]
[Site "Yerevan"]
[Date "1996.??.??"]
[Round "9"]
[White "De Firmian, Nick E"]
[Black "Lputian, Smbat G"]
[Result "1/2-1/2"]
[WhiteElo "2575"]
[BlackElo "2595"]

1.e4 e6 2.d4 d5 3.Nc3 Bb4 4.e5 c5 5.a3 Ba5 6.b4 cxd4 7.Qg4 Ne7 8.bxa5 dxc3
9.Qxg7 Rg8 10.Qxh7 Nbc6 11.Nf3 Qc7 12.Bf4 Bd7 13.Bd3 O-O-O 14.Bg3 Qxa5 15.O-O Qa4
16.Rfe1 Ng6 17.Qh6 Rh8 18.Qe3 d4 19.Qe2 Nce7 20.Rab1 Bc6 21.Rb4 Qxa3 22.Rxd4 Bd5
23.Ng5 Rhf8 24.Qg4 Qc5 25.h4 Nc6 26.Rxd5 Qxd5 27.Bxg6 fxg6 28.Nxe6 Qd7 29.f3 b5
30.Re3 Nd4 31.Nxd8 Qxg4 32.fxg4 b4 33.e6 Rxd8 34.h5 gxh5 35.gxh5 Nxc2 36.Re4 Kb7
37.Be5 Kc6 38.Bf6 Re8 39.Re2 Na3 40.h6 c2 41.Bb2 Kd6 42.g4 Nc4 43.Rxc2 Nxb2
44.Rxb2 Rg8 45.Rxb4 Kxe6 46.Kf2 Kf6 47.Kg3 Kg5 48.h7 Rh8 49.Rb7 Kg6 50.Rxa7 Rxh7  1/2-1/2

[Event "USA-ch G2"]
[Site "Chandler"]
[Date "1997.08.23"]
[Round "1"]
[White "Gurevich, Dmitry"]
[Black "De Firmian, Nick E"]
[Result "0-1"]
[WhiteElo "2575"]
[BlackElo "2570"]

1.d4 Nf6 2.c4 e6 3.Nc3 Bb4 4.e3 O-O 5.Bd3 d5 6.cxd5 exd5 7.Ne2 Bd6 8.a3 Re8
9.b4 c6 10.Ra2 Nbd7 11.f3 a5 12.O-O axb4 13.axb4 Rxa2 14.Nxa2 Nf8 15.Qc2 Qe7
16.Ng3 g6 17.Qd2 h5 18.Re1 Ne6 19.Re2 h4 20.Nf1 h3 21.g3 b6 22.Bb2 c5 23.dxc5 bxc5
24.Qc3 d4 25.exd4 cxb4 26.Qd2 Bb7 27.Rf2 Nd5 28.Qh6 Qf6 29.Qxh3 Ra8 30.Nc1 Nc3
31.Qg4 Nxd4 32.Nd2 Bc5 33.Ne4 Nxf3+ 34.Kh1 Bxe4 35.Bxe4 Bxf2 36.Bxa8 Qa6
37.Kg2 Ne5 38.Qxb4 Qxa8+ 39.Kxf2 Nd1+ 40.Ke1 Nxb2 41.Qxb2 Qh1+ 42.Kd2 Qxh2+
43.Ne2  0-1

[Event "WchT 4th"]
[Site "Luzern"]
[Date "1997.10.28"]
[Round "4"]
[White "Arakhamia, Ketevan"]
[Black "De Firmian, Nick E"]
[Result "0-1"]
[WhiteElo "2430"]
[BlackElo "2570"]

1.e4 c5 2.Nf3 d6 3.d4 cxd4 4.Nxd4 Nf6 5.Nc3 a6 6.f4 e5 7.Nf3 Nbd7 8.a4 Be7
9.Bd3 O-O 10.O-O Nc5 11.Kh1 exf4 12.Bxf4 Bg4 13.Be3 Rc8 14.Qd2 Re8 15.a5 Bh5
16.Nd4 Ng4 17.Bf4 Bg6 18.Nf5 Bxf5 19.exf5 Bf6 20.Be2 Bxc3 21.bxc3 Ne4 22.Qd4 Qh4
23.Bxg4 Qxg4 24.Rab1 Nxc3 25.Rxb7 Ne2 26.Qd1 Qh5 27.Qxd6 Qxf5 28.Rbb1 Qxc2
29.Be5 Qc5 30.Qxc5 Rxc5 31.Bd6 Rxa5 32.Ra1 Rxa1 33.Rxa1 Rc8 34.Ba3 f6 35.g3 Rc2
36.Rd1 Ra2 37.Rd3 h5 38.Re3 a5 39.Bc5 a4 40.Ba3 Kf7 41.Bc5 g5 42.h3 g4 43.hxg4 hxg4
44.Kg2 Rc2 45.Ba3 Rc3 46.Re7+ Kg6 47.Bd6 Rd3 48.Bb8 Nd4  0-1

[Event "WchT 4th"]
[Site "Luzern"]
[Date "1997.11.02"]
[Round "9"]
[White "De Firmian, Nick E"]
[Black "Irzhanov, Ruslan"]
[Result "1-0"]
[WhiteElo "2570"]
[BlackElo "2535"]

1.e4 c5 2.Nf3 d6 3.d4 cxd4 4.Nxd4 Nf6 5.Nc3 a6 6.Be2 e6 7.a4 Qc7 8.O-O Be7
9.f4 Nc6 10.Be3 O-O 11.Kh1 Re8 12.Bf3 Rb8 13.g4 Nd7 14.Bg2 b6 15.g5 Bb7 16.Qh5 g6
17.Qh3 Bf8 18.f5 Nde5 19.fxe6 Nxd4 20.exf7+ Nxf7 21.Bxd4 Nxg5 22.Qe3 Ne6
23.Bxb6 Qd7 24.Rad1 Bg7 25.Qg3 Bxc3 26.Rxd6 Qxa4 27.bxc3 Rbc8 28.Qh4 g5 29.Qh5 Bxe4
30.Qf7+ Kh8 31.Bd4+ Nxd4 32.Bxe4 Rxe4 33.Qf6+ Kg8 34.Qxg5+ Kh8 35.Qf6+  1-0

[Event "DEN-chT 9798"]
[Site "Denmark"]
[Date "1997.11.16"]
[Round "3"]
[White "De Firmian, Nick E"]
[Black "Schandorff, Lars"]
[Result "0-1"]
[WhiteElo "2575"]
[BlackElo "2510"]

1.e4 c5 2.Nf3 Nc6 3.d4 cxd4 4.Nxd4 Nf6 5.Nc3 e5 6.Ndb5 d6 7.Bg5 a6 8.Na3 b5
9.Nd5 Be7 10.Bxf6 Bxf6 11.c3 O-O 12.Nc2 Bg5 13.a4 bxa4 14.Rxa4 a5 15.Bc4 Rb8
16.Ra2 Kh8 17.O-O g6 18.b4 Bd7 19.Qa1 Qc8 20.Bd3 axb4 21.Ba6 Qd8 22.Ncxb4 f5
23.exf5 gxf5 24.Nxc6 Bxc6 25.Nb4 Ba8 26.Rd1 f4 27.Bc4 f3 28.g3 e4 29.Nc2 Qf6
30.Re1 Bd2 31.Nd4 Bxe1 32.Qxe1 e3 33.Qxe3 Bd5  0-1

[Event "Mermaid Beach Club"]
[Site "Bermuda"]
[Date "1997.??.??"]
[Round "1"]
[White "De Firmian, Nick E"]
[Black "Hodgson, Julian M"]
[Result "0-1"]
[WhiteElo "2575"]
[BlackElo "2560"]

1.e4 c5 2.Nf3 d6 3.d4 cxd4 4.Nxd4 Nf6 5.Nc3 g6 6.Bc4 Bg7 7.h3 O-O 8.Bb3 b6
9.O-O Bb7 10.Re1 Nbd7 11.Bg5 Rc8 12.Nd5 Rc5 13.c3 Re8 14.Nf3 Qa8 15.Be3 Nxd5
16.exd5 Bxd5 17.Bxc5 Bxf3 18.gxf3 Nxc5 19.Ba4 Rf8 20.Rxe7 Qd8 21.Rxa7 Qg5+
22.Kh1 Qh4 23.f4 Qxf2 24.Qc2 Qe3 25.Bc6 Nd3 26.Re7 Nf2+ 27.Kg2 Qxh3+ 28.Kxf2 Qh4+
29.Kg2 Qxe7 30.Qf2 Qe6 31.Qf3 Bh6 32.Rh1 Kg7 33.Bd5 Qf5 34.Rh4 Re8 35.Kg3 Qb1
36.Qf2 Qd3+ 37.Bf3 Re3 38.Kg2 d5 39.a3 d4 40.cxd4 Qxd4 41.f5 Qf6 42.fxg6 hxg6
43.Re4 Rxe4 44.Bxe4 Qxf2+ 45.Kxf2 Bc1 46.a4 Bxb2 47.Bc6 f5 48.Ke3 Kf6 49.Kd3 g5
50.Kc4 g4 51.Kb5 Bd4 52.a5 bxa5 53.Kxa5 f4 54.Kb4 f3 55.Kc4 Ke5  0-1

[Event "Mermaid Beach Club"]
[Site "Bermuda"]
[Date "1997.??.??"]
[Round "2"]
[White "Vescovi, Giovanni"]
[Black "De Firmian, Nick E"]
[Result "0-1"]
[WhiteElo "2490"]
[BlackElo "2575"]

1.e4 c5 2.Nf3 d6 3.d4 Nf6 4.dxc5 Qa5+ 5.Bd2 Qxc5 6.Bd3 Nc6 7.O-O Bg4 8.h3 Bxf3
9.Qxf3 g6 10.Be3 Qa5 11.Nd2 Bg7 12.Qe2 O-O 13.c3 d5 14.exd5 Nxd5 15.Be4 Rfd8
16.Nb3 Qc7 17.Bd2 a5 18.a4 Ne5 19.Rad1 Nb6 20.Bf4 Nxa4 21.Rxd8+ Rxd8 22.Ra1 b5
23.Qxb5 Nxb2 24.Nxa5 Rb8 25.Qc6 Nf3+ 26.Bxf3 Qxf4 27.g3 Qd2 28.Qc7 Rf8 29.Nc6 e6
30.Ne7+ Kh8 31.Ra8 Nd3 32.Qa7 Qe1+ 33.Kg2 Qxc3 34.Be4 Ne1+ 35.Kg1 Qe5 36.Qb7 f5
37.Bc6 Nd3 38.Kg2 Qc5 39.Qa7 Qxa7 40.Rxa7 Nxf2 41.Bd7 f4 42.Rc7 fxg3 43.Rc8 Rxc8
44.Bxc8 Be5 45.Nc6 Bc7 46.Nd4 Nd3 47.Bb7 Nf4+ 48.Kf1 Kg7  0-1

[Event "Mermaid Beach Club"]
[Site "Bermuda"]
[Date "1997.??.??"]
[Round "5"]
[White "Hellsten, Johan"]
[Black "De Firmian, Nick E"]
[Result "1/2-1/2"]
[WhiteElo "2485"]
[BlackElo "2575"]

1.e4 c5 2.Nf3 d6 3.c3 Nf6 4.Be2 g6 5.O-O Bg7 6.Bb5+ Nc6 7.d4 a6 8.Bxc6+ bxc6
9.Re1 cxd4 10.cxd4 O-O 11.h3 Nd7 12.Nc3 c5 13.Be3 Rb8 14.Qd2 cxd4 15.Bxd4 Bxd4
16.Nxd4 Bb7 17.Rad1 Nf6 18.Qg5 e6 19.Nb3 Qe7 20.Rd2 Rfd8 21.Na5 Kg7 22.Red1 h6
23.Qe3 Ba8 24.Nc4 Ne8 25.b3 Kh7 26.Rd3 Qc7 27.h4 Bc6 28.Qd2 Bb5 29.Nxb5 axb5
30.Nxd6 Nxd6 31.Rxd6 Rxd6 32.Qxd6 Qxd6 33.Rxd6 Ra8 34.Rd2 g5 35.hxg5 hxg5
36.Rc2 Kg6 37.f3 f5 38.exf5+ exf5 39.Kf2 f4 40.Ke2 b4 41.Kf2 Kf5 42.g3 Ra7
43.Kg2 Ra5 44.Kh3 fxg3 45.Kxg3 Ra6 46.Rc5+ Kf6 47.Rb5 Rxa2 48.Rxb4 Rb2 49.Rb7 Kf5
50.b4 Kf6 51.Rb8 Kf5 52.b5 Kf6 53.b6 Kg6 54.Kh3 Kf6 55.Kg3 Kg6 56.f4 gxf4+
57.Kxf4 Kf6 58.b7 Kg7  1/2-1/2

[Event "Mermaid Beach Club"]
[Site "Bermuda"]
[Date "1997.??.??"]
[Round "6"]
[White "De Firmian, Nick E"]
[Black "Hjartarson, Johann"]
[Result "1-0"]
[WhiteElo "2575"]
[BlackElo "2585"]

1.e4 c5 2.Nf3 e6 3.Nc3 d6 4.g3 Nf6 5.Bg2 Be7 6.O-O O-O 7.d4 cxd4 8.Nxd4 a6
9.a4 Nc6 10.Be3 Qc7 11.f4 Re8 12.Kh1 Rb8 13.Nb3 b6 14.g4 Bb7 15.g5 Nd7 16.Rf3 Bf8
17.Rh3 g6 18.Qg4 Nb4 19.Rc1 f5 20.gxf6 Nxf6 21.Qh4 Bg7 22.Bf3 Rf8 23.Qf2 Ba8
24.Rg1 Rf7 25.Nd4 Re8 26.f5 exf5 27.exf5 Ne4 28.Qh4 Bf6 29.Qh6 g5 30.Ne6 Qc4
31.Nxe4 Bxe4 32.Bxg5 Bxf3+ 33.Rxf3 Bxg5 34.Rxg5+ Kh8 35.Rg7  1-0

[Event "Mermaid Beach Club"]
[Site "Bermuda"]
[Date "1997.??.??"]
[Round "9"]
[White "Ashley, Maurice"]
[Black "De Firmian, Nick E"]
[Result "1/2-1/2"]
[WhiteElo "2465"]
[BlackElo "2575"]

1.d4 e6 2.e4 d5 3.exd5 exd5 4.c4 Nf6 5.Nc3 Bb4 6.Bd3 O-O 7.Ne2 dxc4 8.Bxc4 Nbd7
9.O-O Nb6 10.Bb3 Re8 11.Bg5 h6 12.Bh4 Be6 13.d5 Bf5 14.a4 Nbd7 15.Nd4 Bh7
16.Ne6 Qb8 17.Rc1 a6 18.Re1 Bd6 19.Qd4 Qa7 20.Qd2 fxe6 21.dxe6 Nc5 22.Bc2 Be7
23.Bxf6 Bxf6 24.Nd5 Bg5 25.Bxh7+ Kxh7 26.Qc2+ Kh8 27.Qxc5 Bxc1 28.Qxc1 Rad8
29.Nf4 Qd4 30.Qxc7 Qb4 31.Kf1 Qxb2 32.Qf7 Qf6 33.h4 Rxe6 34.Qxe6 Qxf4 35.Qe7 Rf8
36.Qc5 Kg8 37.g3 Qxa4 38.Qd5+ Kh8 39.Qxb7 Qb5+ 40.Qxb5 axb5 41.Re7 Rb8 42.Ke1 b4
43.Kd1 b3 44.Kc1 Rc8+ 45.Kb1 Rc2 46.Rf7 Re2 47.h5 Kg8 48.Rf5 b2 49.g4 Rd2
50.f3 Rh2 51.Ka2 g6 52.hxg6 Kg7 53.Kb1 Kxg6 54.Ka2  1/2-1/2

[Event "Chicago op"]
[Site "Chicago"]
[Date "1997.??.??"]
[Round "2"]
[White "De Firmian, Nick E"]
[Black "Gelman, Charles L"]
[Result "1-0"]
[WhiteElo "2575"]
[BlackElo "2295"]

1.e4 e6 2.d4 d5 3.Nc3 Bb4 4.e5 Ne7 5.a3 Bxc3+ 6.bxc3 c5 7.Nf3 Nbc6 8.Be2 Qa5
9.Bd2 Bd7 10.O-O f6 11.c4 Qc7 12.cxd5 Nxd5 13.c4 Nde7 14.exf6 gxf6 15.Bc3 cxd4
16.Nxd4 Nxd4 17.Qxd4 e5 18.Qh4 O-O 19.Rfd1 Ng6 20.Qh6 Be6 21.Bb4 Rfd8 22.h4 Bxc4
23.Rdc1 b5 24.Bf3 Rab8 25.h5 Nf4 26.Qxf6 Qg7 27.Qxg7+ Kxg7 28.Bc3 Kf6 29.Re1 Nd3
30.Re3 Rd7 31.Be4 Rbd8 32.Ba5 Rg8 33.Rd1 Nc5 34.Rxd7 Nxd7 35.Bxh7 Rh8 36.Bg6 Nf8
37.Rf3+ Kg7 38.Be8 Nh7 39.Rg3+ Kf6 40.Rg6+ Ke7 41.Bc6 Nf6 42.Rg7+ Kd6 43.Bf3 Nd5
44.Rxa7 Nf4 45.Bc7+ Ke6 46.Ra6+ Kf5 47.g4+ Kg5 48.Bxe5 Rf8 49.Bg7 Rf7 50.Bh6+ Kh4
51.Bxf4 Rxf4 52.Kg2  1-0

[Event "Chicago op"]
[Site "Chicago"]
[Date "1997.??.??"]
[Round "3"]
[White "Kaufman, Larry C"]
[Black "De Firmian, Nick E"]
[Result "0-1"]
[WhiteElo "2405"]
[BlackElo "2575"]

1.d4 Nf6 2.c4 e6 3.Nc3 Bb4 4.Qc2 O-O 5.a3 Bxc3+ 6.Qxc3 Ne4 7.Qc2 f5 8.e3 b6
9.Ne2 Bb7 10.f3 Nd6 11.Nc3 Qh4+ 12.Qf2 Qe7 13.b4 c5 14.dxc5 bxc5 15.b5 Nf7
16.Be2 d5 17.O-O Nd7 18.Bb2 Nf6 19.a4 Ne5 20.cxd5 exd5 21.a5 Rfe8 22.Rfe1 a6
23.b6 Rac8 24.Bf1 Nc6 25.Qd2 Ne5 26.Ba3 Qd7 27.Qa2 Kh8 28.Red1 Nxf3+ 29.gxf3 Rxe3
30.Qd2 f4 31.Bg2 d4 32.Ne4 Nxe4 33.fxe4 Qg4 34.h3 Qg5 35.Rf1 Bxe4 36.Qf2 Rg3
37.Ra2 f3 38.Bc1 Qg6 39.Kh2 Rxg2+ 40.Qxg2 fxg2  0-1

[Event "Chicago op"]
[Site "Chicago"]
[Date "1997.??.??"]
[Round "4"]
[White "De Firmian, Nick E"]
[Black "Sokolin, Leonid M"]
[Result "1/2-1/2"]
[WhiteElo "2575"]
[BlackElo "2520"]

1.e4 g6 2.d4 Bg7 3.Nc3 c6 4.Nf3 d5 5.h3 Nf6 6.Bd3 dxe4 7.Nxe4 Nxe4 8.Bxe4 O-O
9.O-O Nd7 10.Bg5 h6 11.Be3 c5 12.Qd2 Kh7 13.dxc5 Qc7 14.b4 Nf6 15.Bd3 e5
16.Bc4 Rd8 17.Qe2 Bf5 18.Rad1 Ne4 19.Rxd8 Rxd8 20.g4 Nc3 21.Qe1 e4 22.Nd4 Bxg4
23.hxg4 Qd7 24.Be6 fxe6 25.Qxc3 Bxd4 26.Bxd4 Qxd4 27.Qxd4 Rxd4 28.c3 Rd3
29.Re1 Rxc3 30.Rxe4 a5 31.Rxe6 axb4 32.Re7+ Kg8 33.Rxb7 Rxc5 34.Rxb4 Kf7
35.Kg2 Kf6 36.a4 Rc3 37.f3 h5 38.Kg3 Ra3 39.Rb6+ Kf7 40.Ra6 hxg4 41.Kxg4 g5
42.Ra5 Kf6 43.Ra8 Kg6 44.Ra5 Kh6 45.f4 gxf4 46.Kxf4 Kg6 47.Ke5 Kf7 48.Kd6 Ra1
49.Ra6 Rd1+ 50.Kc7 Ke7 51.Rc6 Ra1 52.Rc4  1/2-1/2

[Event "Chicago op"]
[Site "Chicago"]
[Date "1997.??.??"]
[Round "5"]
[White "De Firmian, Nick E"]
[Black "Schwartzman, Gabriel"]
[Result "1/2-1/2"]
[WhiteElo "2575"]
[BlackElo "2510"]

1.e4 e5 2.Nf3 Nf6 3.Nxe5 d6 4.Nf3 Nxe4 5.d4 d5 6.Bd3 Nc6 7.O-O Bg4 8.c4 Nf6
9.cxd5 Bxf3 10.Qxf3 Qxd5 11.Qxd5 Nxd5 12.Nc3 O-O-O 13.Bc4 Nf6 14.Bxf7 Nxd4
15.Bg5 Bb4 16.Bc4 Rd6 17.Rac1 Rhd8 18.Rfe1 Rc6 19.Bf1 h6 20.Bf4 a6 21.h3 Bd6
22.Bxd6 Rcxd6 23.Ne4 Nxe4 24.Rxe4 Re6 25.Rxe6 Nxe6 26.Be2 Rd6 27.Bg4 Kd8
28.g3 b6 29.Kg2 Nc5 30.b4 Nd3 31.Rc4 b5 32.Re4 c5 33.bxc5 Nxc5 34.Re2 b4
35.Rc2 Nd3 36.Rc8+ Ke7 37.Rc7+ Kf6 38.Be2 a5 39.Ra7 Nc1 40.Bc4 Rc6 41.Bg8 Rc5
42.h4 g5 43.h5 g4 44.Rf7+ Ke5 45.Rh7 Rc8 46.Bb3 Nxb3 47.axb3 Kd4 48.Rxh6 Rc5
49.Rh8 Kc3 50.f3 gxf3+ 51.Kxf3 Kxb3 52.g4 a4 53.h6 a3 54.Ra8 Rc3+ 55.Kg2 Rc2+
56.Kf3 Rc3+ 57.Kg2 Rc7 58.Kf3 Ka2 59.g5 Rh7 60.Ra7 Rxa7 61.g6 Kb1 62.g7 a2
63.g8=Q Ra3+ 64.Ke4 a1=Q 65.h7 Ra8 66.Qg1+ Ka2 67.Qg8+ Rxg8 68.hxg8=Q+ b3
69.Qc4 Qd1 70.Kf4 Kb1 71.Kg3 Qg1+ 72.Kf3 Qd1+ 73.Kg3 Qd6+ 74.Kh3 Qh6+ 75.Kg4 Qg6+
76.Kh4 Qh7+ 77.Kg4 Qd7+ 78.Kh4 Kb2 79.Kh5 Qf5+ 80.Kh4 Qf2+ 81.Kg4 Qe3 82.Kh4 Qd2
83.Kg4 Qc1 84.Qe2+ Ka1 85.Qa6+ Kb1 86.Qd3+ Ka2 87.Qa6+ Qa3 88.Qc4 Qa7 89.Qd5 Qe3
90.Qc4 Kb2 91.Kh4 Qf3 92.Qd4+ Kb1 93.Qg1+ Kc2 94.Qh2+ Kd1 95.Qd6+ Ke2 96.Qe5+ Kf2
97.Qb2+ Kg1 98.Qb1+ Kg2 99.Qg6+ Kh1 100.Qb1+ Kg2  1/2-1/2

[Event "Chicago op"]
[Site "Chicago"]
[Date "1997.??.??"]
[Round "6"]
[White "Hernandez, Gilberto"]
[Black "De Firmian, Nick E"]
[Result "1/2-1/2"]
[WhiteElo "2540"]
[BlackElo "2575"]

1.e4 c5 2.d3 Nc6 3.g3 g6 4.Bg2 Bg7 5.f4 d6 6.Nf3 e5 7.Nc3 Nge7 8.O-O O-O
9.Be3 Nd4 10.Qd2 Rb8 11.a3 a6 12.Rf2 b5 13.Raf1 exf4 14.Bxf4 b4 15.axb4 cxb4
16.Nd1 Nxf3+ 17.Bxf3 Nc6 18.Bg2 Be6 19.Bg5 Qb6 20.Be3 Qc7 21.d4 Bg4 22.b3 a5
23.Nb2 Bc8 24.Rc1 Ba6 25.c3 bxc3 26.Qxc3 Bb5 27.e5 Rbc8 28.d5 Bxe5 29.Qe1 Rfe8
30.Nd1 Bd4 31.Qd2 Bxe3 32.Nxe3 Qb6 33.Rxc6 Rxc6 34.dxc6 Rxe3 35.c7 Ba6 36.Bh3 Rxb3
37.Qd5 Rb1+ 38.Kg2 Qxc7 39.Qa8+ Qb8 40.Qxa6 Qb7+ 41.Qxb7 Rxb7 42.Ra2 Rb5
43.Bd7 Rd5 44.Kf3 Kf8 45.Ke2 Re5+ 46.Kd3 h5 47.Bc6  1/2-1/2

[Event "Chicago op"]
[Site "Chicago"]
[Date "1997.??.??"]
[Round "7"]
[White "Reprintsev, Alexander"]
[Black "De Firmian, Nick E"]
[Result "1-0"]
[WhiteElo "2425"]
[BlackElo "2575"]

1.e4 c5 2.b3 Nc6 3.Bb2 Nf6 4.e5 Nd5 5.Nf3 e6 6.g3 Be7 7.c4 Nc7 8.Nc3 d6 9.exd6 Bxd6
10.d4 O-O 11.Bg2 cxd4 12.Nxd4 Bd7 13.O-O Be5 14.Nf3 Bf6 15.Qc2 Qe7 16.Rad1 Rfd8
17.Qc1 Nb4 18.a3 Nc6 19.h4 h6 20.Nh2 Be8 21.Ng4 Bd4 22.Bxc6 Bxc6 23.Nd5 Rxd5
24.Bxd4 Rxd4 25.Rxd4 e5 26.Re1 f6 27.Nxh6+ gxh6 28.Rg4+ Kf7 29.Qxh6 Ne8 30.h5 Ke6
31.Rxe5+ Kxe5 32.Qe3+ Kd6 33.Rd4+  1-0

[Event "Wichern op"]
[Site "Hamburg"]
[Date "1997.??.??"]
[Round "1"]
[White "De Firmian, Nick E"]
[Black "Giehring, Sebastian"]
[Result "1/2-1/2"]
[WhiteElo "2570"]
[BlackElo "2240"]

1.e4 e6 2.d4 d5 3.Nc3 Nf6 4.e5 Nfd7 5.f4 c5 6.Nf3 Nc6 7.Be3 a6 8.Qd2 b5 9.Be2 Qb6
10.Nd1 cxd4 11.Nxd4 Nxd4 12.Bxd4 Bc5 13.c3 Nb8 14.Ne3 Nc6 15.Bxc5 Qxc5 16.O-O O-O
17.Kh1 Bb7 18.Ng4 d4 19.Rac1 Rad8 20.Bd3 Ne7 21.Qf2 Qd5 22.cxd4 Qxd4 23.Bxh7+ Kxh7
24.Qh4+ Kg8 25.Qxe7 Qe4 26.Rf2 Rc8 27.Rcf1 Rfe8 28.Qh4 Rc2 29.h3 Rec8 30.Qg3 Qg6
31.Kh2 Bd5 32.a3 Rxf2 33.Rxf2 Rc1 34.Qh4 Qb1 35.Qd8+ Kh7 36.Qh4+ Kg8 37.Qd8+ Kh7
38.Re2 Rh1+ 39.Kg3 Qd3+ 40.Re3 Qf1 41.Qh4+ Kg8 42.Qd8+ Kh7  1/2-1/2

[Event "Wichern op"]
[Site "Hamburg"]
[Date "1997.??.??"]
[Round "3"]
[White "De Firmian, Nick E"]
[Black "Nogly, Christoph"]
[Result "1/2-1/2"]
[WhiteElo "2570"]
[BlackElo "2220"]

1.e4 e5 2.Nf3 Nc6 3.Bb5 Nf6 4.O-O Bc5 5.c3 O-O 6.d4 Bb6 7.Bg5 h6 8.Bh4 d6
9.Bxc6 bxc6 10.dxe5 dxe5 11.Qxd8 Rxd8 12.Re1 Ba6 13.Na3 g5 14.Bg3 Nd7 15.b4 f6
16.Nd2 Nf8 17.Ndc4 Rd7 18.Rad1 Rad8 19.Rxd7 Rxd7 20.h4 Rd3 21.Rc1 Ne6 22.Kh2 g4
23.Rc2 Nf4 24.Nb2 Rd8 25.Nac4 Kf7 26.a4 Bxc4 27.Nxc4 a6 28.f3 h5 29.Rd2 Rxd2
30.Nxd2 Ne2 31.fxg4 hxg4 32.Be1 Nxc3 33.Kg3 Be3 34.Nc4 Nxe4+ 35.Kxg4 Bf2
36.Bxf2 Nxf2+ 37.Kf5 Nd3 38.g4 Nxb4 39.g5 fxg5 40.Nxe5+ Kg7 41.Kxg5 Nd5 42.Nxc6 Nc3
43.a5 Ne4+ 44.Kg4 Kh6 45.Ne7 Nf6+ 46.Kf5 Nd7 47.Nd5 Kh5 48.Nxc7 Nc5 49.Nxa6 Nb7
50.Nc5  1/2-1/2

[Event "Wichern op"]
[Site "Hamburg"]
[Date "1997.??.??"]
[Round "5"]
[White "De Firmian, Nick E"]
[Black "Rudolf, Henrik"]
[Result "1-0"]
[WhiteElo "2570"]
[BlackElo "2280"]

1.e4 g6 2.d4 Bg7 3.Nc3 d6 4.f4 Nf6 5.Nf3 c5 6.dxc5 Qa5 7.Bd3 Qxc5 8.Qe2 Bg4
9.Be3 Qa5 10.O-O Nc6 11.Kh1 O-O 12.Qe1 Nd7 13.Nd2 Nc5 14.f5 Nxd3 15.cxd3 Nb4
16.Nb3 Qa6 17.h3 Bh5 18.Qd2 gxf5 19.exf5 f6 20.Rf4  1-0

[Event "Wichern op"]
[Site "Hamburg"]
[Date "1997.??.??"]
[Round "6"]
[White "De Firmian, Nick E"]
[Black "Sievers, Stefan"]
[Result "1/2-1/2"]
[WhiteElo "2570"]
[BlackElo "2365"]

1.e4 c5 2.Nf3 d6 3.d4 cxd4 4.Nxd4 Nf6 5.Nc3 g6 6.Be3 Bg7 7.f3 Nc6 8.Qd2 O-O
9.O-O-O Nxd4 10.Bxd4 Be6 11.Nd5 Bxd5 12.exd5 Qd7 13.g4 Rfc8 14.Kb1 Qa4 15.b3 Qa3
16.h4 a5 17.c4 Ne8 18.Bxg7 Nxg7 19.f4 a4 20.b4 Qg3 21.Be2 a3 22.h5 Ra4 23.hxg6 fxg6
24.f5 b5 25.Rdg1 Qf2 26.Rf1 Rxb4+ 27.Qxb4 Qxe2 28.Qxa3 bxc4 29.fxg6 hxg6
30.Qc3 Ra8 31.Qb2 Qxg4 32.Ka1 Qe4 33.Rd1 Qf3 34.Rhf1 Qh3 35.Rh1 Qf3 36.Rhf1 Qh3
37.Rh1 Qf3 38.Rhf1  1/2-1/2

[Event "Wichern op"]
[Site "Hamburg"]
[Date "1997.??.??"]
[Round "7"]
[White "Lauber, Arnd"]
[Black "De Firmian, Nick E"]
[Result "1/2-1/2"]
[WhiteElo "2325"]
[BlackElo "2570"]

1.d4 Nf6 2.c4 e6 3.Nc3 Bb4 4.e3 b6 5.Bd3 Bb7 6.Nf3 O-O 7.O-O c5 8.Bd2 cxd4
9.exd4 d5 10.cxd5 Nxd5 11.Ne5 Nc6 12.Ba6 Bxa6 13.Nxc6 Qd7 14.Nxd5 Bd6 15.Nf6+ gxf6
16.Qg4+ Kh8 17.Qh4 Be7 18.Nxe7 Qxe7 19.Bb4 Qxb4 20.Qxf6+  1/2-1/2

[Event "Wichern op"]
[Site "Hamburg"]
[Date "1997.??.??"]
[Round "9"]
[White "De Firmian, Nick E"]
[Black "Reddmann, Hauke"]
[Result "1-0"]
[WhiteElo "2570"]
[BlackElo "2315"]

1.e4 c5 2.Nf3 Nc6 3.d4 cxd4 4.Nxd4 Nf6 5.Nc3 d6 6.Bc4 Bd7 7.Bb3 g6 8.h3 Bg7
9.Be3 Na5 10.O-O O-O 11.Re1 a6 12.Bg5 Nxb3 13.axb3 Bc6 14.Qd3 Rc8 15.Rad1 Qc7
16.Re2 Rfe8 17.Nxc6 Qxc6 18.Nd5 Nxd5 19.exd5 Qc7 20.c3 Rcd8 21.Rde1 Rd7 22.Kh1 f6
23.Bf4 Rf8 24.b4 Rf7 25.Kg1 f5 26.Bg5 Bf6 27.Bxf6 Rxf6 28.h4 Qd8 29.Qg3 Qf8
30.Qf4 Rc7 31.c4 Rd7 32.b3 Rf7 33.Re3 Qg7 34.Rg3 Rf6 35.h5 Rd8 36.h6 Qf8
37.Rge3 Rd7 38.c5 Kf7 39.Re6 Qd8 40.Qd4 dxc5 41.bxc5 g5 42.d6 Kg6 43.Rxe7 Rxe7
44.Rxe7 b6 45.Qe5 bxc5 46.d7  1-0

[Event "New York op"]
[Site "New York"]
[Date "1997.??.??"]
[Round "?"]
[White "De Firmian, Nick E"]
[Black "Van Wely, Loek"]
[Result "1/2-1/2"]
[WhiteElo "2575"]
[BlackElo "2645"]

1.e4 c5 2.Nf3 d6 3.d4 cxd4 4.Nxd4 Nf6 5.Nc3 a6 6.Be2 e6 7.O-O Be7 8.a4 Nc6
9.Be3 O-O 10.f4 Qc7 11.Kh1 Re8 12.Bf3 Bd7 13.Nb3 b6 14.g4 Bc8 15.g5 Nd7 16.Bg2 Bb7
17.Rf3 g6 18.Rh3 Nb4 19.Qd2 Bf8 20.Qf2 Bg7 21.Rf1 Re7 22.Qh4 Nf8 23.Qf2 Nd7
24.Qh4 Nf8  1/2-1/2

[Event "World op"]
[Site "Philadelphia"]
[Date "1997.??.??"]
[Round "3"]
[White "De Firmian, Nick E"]
[Black "Fishbein, Alexander"]
[Result "1-0"]
[WhiteElo "2570"]
[BlackElo "2530"]

1.e4 c5 2.Nf3 d6 3.d4 cxd4 4.Nxd4 Nf6 5.Nc3 Nc6 6.Bc4 e6 7.Be3 a6 8.Bb3 Be7
9.f4 O-O 10.O-O Nxd4 11.Bxd4 b5 12.e5 dxe5 13.fxe5 Nd7 14.Ne4 Bb7 15.Nd6 Bxd6
16.exd6 Qg5 17.Qe2 a5 18.c3 Ra6 19.Rad1 Rxd6 20.Bxg7 Rxd1 21.Rxd1 Kxg7 22.Rxd7 Bc6
23.Rd4 Kh8 24.Qf2 Qe5 25.a3 f5 26.g3 Be4 27.Qe3 Qf6 28.Rd6 Re8 29.Qc5 f4
30.Rxe6 Rxe6 31.Qc8+ Kg7 32.Qxe6 fxg3 33.Qxf6+ Kxf6 34.hxg3 a4 35.Bg8 Ke5
36.Kf2 h6 37.Ke3 Bd5 38.Bh7 Bc4 39.Kf3 Be6 40.Bd3 Bd7 41.Ke3 Bc6 42.c4 bxc4
43.Bxc4 Kf5 44.Be2 Ke5 45.Kd3 Bb7 46.Kc3 Ke4 47.Bd1 Ke3 48.Kb4 Kf2 49.Bxa4 Bc8
50.Be8 Kxg3 51.Kc5 Bb7 52.b4 Bf3 53.b5 h5 54.Bxh5 Bxh5 55.b6 Bf3 56.a4 Kf4
57.Kd6  1-0

[Event "World op"]
[Site "Philadelphia"]
[Date "1997.??.??"]
[Round "4"]
[White "Blatny, Pavel"]
[Black "De Firmian, Nick E"]
[Result "0-1"]
[WhiteElo "2555"]
[BlackElo "2570"]

1.Nf3 c5 2.e3 Nf6 3.b3 g6 4.Bb2 Bg7 5.g3 O-O 6.Bg2 Nc6 7.O-O d5 8.d4 cxd4
9.Nxd4 Nxd4 10.Bxd4 Bg4 11.f3 Be6 12.Nc3 Rc8 13.Qd2 Qa5 14.a3 Nh5 15.b4 Qc7
16.Nb5 Qxc2 17.Qxc2 Rxc2 18.Nxa7 Bxd4 19.exd4 Ra8 20.Nb5 Bd7 21.a4 Rc4 22.Rfb1 Bxb5
23.axb5 Rxa1 24.Rxa1 Rxd4 25.Ra7 Rxb4 26.Rxb7 e6 27.Bf1 Nf6 28.Rc7 Rb2 29.Rc8+ Kg7
30.Rd8 g5 31.g4 h5 32.gxh5 Nxh5 33.Rd6 Kf6 34.Rc6 Nf4 35.b6 d4 36.Rc4 d3
37.Rd4 e5 38.Rd7 Ke6  0-1